000 00319nam a22001457a 4500
003 OSt
005 20160727222410.0
008 160624b xxu||||| |||| 00| 0 eng d
040 _cTEST
100 _9968
_aDurr, W.K
245 _aHoney Comb
260 _aBOSTON
_bHOUGHTON
_c1976
300 _aHoney Comb
942 _2ddc
_cBK
999 _c770
_d770